000 00842nam a22002777a 4500
003 CHAP
005 20220329133939.0
008 971013s1945 r 00010 d
010 _a13054
011 _a14026
035 _a18099
040 _cCHAP
082 _a338.10972
_bG65
100 0 0 _aGómez, Marte R.
_949964
245 _aTendencias, medios y fines de la política agrícola de México
260 _aMéxico, D.F. :
_bEl autor,
_c1945
300 _a58 p.
590 _aBATCH-UPD
_b10
_c20130110
_lUCH01
_h1650
590 _aBATCH-UPD
_b10
_c20130410
_lUCH01
_h1040
590 _aBATCH-UPD
_b10
_c20130914
_lUCH01
_h0317
590 _aCONVERSION
_b10
_c20130109
_lUCH01
_h1308
650 1 4 _aAgricultura y Estado
_xMéxico.
_92054
901 _aBK
942 _cLIBRO
949 _a338.10972 G65
_bBC
_cBPA
_d-42282
_eBPA
_fc.2
_h194
_i18099
_si
999 _c13054
_d13054